Partiti politici italiani - II Legislatura - Statistics

Statistiche generali
  • Questo quiz è stato fatto 25 volte
  • Il punteggio medio è 7 su 10
Statistiche sulle risposte
Seggi Camera Seggi Senato Collocazione Partito politico % Corretto
263 113 Centro Democrazia Cristiana
100%
143 51 Sinistra Partito Comunista Italiano
100%
75 26 Sinistra Partito Socialista Italiano
96%
29 9 Destra Movimento Sociale Italiano
92%
5 0 Centro-sinistra Partito Repubblicano Italiano
75%
40 14 Destra Partito Nazionale Monarchico
71%
13 3 Centro-destra Partito Liberale Italiano
67%
19 4 Centro-sinistra Partito Socialista Democratico Italiano
42%
3 2 Centro Südtiroler Volkspartei
33%
0 1 Centro Alleanza Democratica Nazionale
0%
Nessun quiz corrispondente trovato
Distribuzione punteggi
Percentuale di utenti per punteggio
Percentile per numero di risposta
I tuoi punteggi nel tempo
Non hai fatto questo quiz